| 000 | 00502nam a2200181 4500 | ||
|---|---|---|---|
| 003 | SEACOMEC | ||
| 005 | 20240417131442.0 | ||
| 008 | 231007b |||||||| |||| 00| 0 eng d | ||
| 040 | _aSEACOMEC | ||
| 082 |
_a620.106 _bN218 |
||
| 100 | 1 | _aNarayana, P.A. | |
| 245 | 1 |
_aEngineering fluid mechanics _cP.A. Aswatha Narayana and K.N. Seetharamu |
|
| 260 |
_aNew Delhi _bNarosa _c2004 |
||
| 650 | _aEngineering | ||
| 650 | _aEngineering mechanics and materials | ||
| 700 | 1 | _aSeetharamu, K.N. | |
| 942 | _cBOOK | ||
| 999 |
_c202 _d202 |
||